| 000 | 00712 a2200205 4500 | ||
|---|---|---|---|
| 999 |
_c2926 _d2926 |
||
| 020 | _a0821327879 | ||
| 050 | 0 | 0 | _aHC800 ADJ 1994 |
| 100 |
_aHusain , Ishrat _eeditor |
||
| 245 | 0 | 0 |
_aAdjustment in Africa : _blessons from country case studies / _cedited by Ishrat Husain and Rashid Faruqee. |
| 264 |
_aWashington: _bWorld Bank. _c1994 |
||
| 300 |
_aix, 436 p. : _bill. ; |
||
| 440 | 0 | _aWorld Bank regional and sectoral studies | |
| 500 | _aIncludes references. | ||
| 504 | _aIncludes bibliographical references. | ||
| 650 | 0 | _aStructural adjustment (Economic policy) | |
| 651 | 0 | _aAfrica, Sub-Saharan | |
| 700 | 1 |
_aHusain, Ishrat, _d1941- |
|
| 700 | 1 |
_aFaruqee, Rashid, _d1938- |
|
| 942 |
_2lcc _cBK _h800 _iADJ _kHC |
||